[Event "DEN-ch Seniors"]
[Site "Aalborg"]
[Date "2023.02.19"]
[Round "2"]
[White "Westenborg, Allan"]
[Black "Fischer, Johan"]
[Result "1-0"]
[WhiteElo "1808"]
[BlackElo "1845"]
[PlyCount "145"]
[EventDate "2023.02.19"]
[EventType "swiss"]
[EventRounds "7"]
[EventCountry "DEN"]
[SourceTitle "CBM 213 Extra"]
[Source "ChessBase"]
[SourceDate "2023.05.31"]
[SourceVersion "1"]
[SourceVersionDate "2023.05.31"]
[SourceQuality "1"]

1. d4 Nf6 2. Nf3 e6 3. Bf4 b6 4. e3 Bb7 5. Bd3 d5 6. Nbd2 Bd6 7. Ne5 a6 8. c3 Nbd7 9. h4 Qe7 10. Qe2 b5 11. g4 Nb6 12. g5 Nfd7 13. Rg1 Nc4 14. Nxd7 Qxd7 15. Nf3 Bxf4 16. exf4 0-0-0 17. b3 Nb6 18. Ne5 Qe7 19. a4 c6 20. axb5 cxb5 21. Kd2 f6 22. Nf3 Qd6 23. Qe3 Rde8 24. gxf6 gxf6 25. Rg7 h6 26. Bg6 Re7 27. Rxe7 Qxe7 28. f5 Nd7 29. Qxe6 Qxe6 30. fxe6 Nf8 31. Bf7 Kd8 32. h5 Bc8 33. Re1 Nxe6 34. Bxe6 Bb7 35. Nh4 Kc7 36. Ng6 Ra8 37. Bf5 a5 38. Bc2 Kd6 39. Nf4 Rf8 40. Re6+ Kc7 41. Re7+ Kb6 42. Ne6 Ra8 43. Nc5 Bc6 44. Re6 Kc7 45. Rxf6 a4 46. Rg6 Be8 47. Rg7+ Kd6 48. bxa4 bxa4 49. Kc1 a3 50. Kb1 a2+ 51. Ka1 Bxh5 52. Rh7 Be2 53. Rxh6+ Kc7 54. Bd3 Bd1 55. Ra6 Re8 56. Kxa2 Rb8 57. f4 Bg4 58. f5 Rh8 59. Ra7+ Kc6 60. Rb7 Ra8+ 61. Kb2 Ra5 62. Rg7 Bh5 63. f6 Ra8 64. Rh7 Rb8+ 65. Kc2 Bg4 66. f7 Rf8 67. Bg6 Kd6 68. Rg7 Ke7 69. Rg8 Bh3 70. Rxf8 Kxf8 71. Kd3 Bg4 72. Ke3 Kg7 73. Kf4 1-0